| 000 | 00721nam a2200253Ia 4500 | ||
|---|---|---|---|
| 003 | OSt | ||
| 005 | 20220926044219.0 | ||
| 006 | a|||||r|||| 00| 0 | ||
| 007 | ta | ||
| 008 | 220923b |||||||| |||| 00| 0 eng d | ||
| 037 | _cGeneral Book | ||
| 040 |
_aRTL _cRTL _beng |
||
| 041 |
_2eng _aeng |
||
| 082 | _aY:677.674.N8, M2 | ||
| 100 |
_aJoffe E G H _9348695 |
||
| 245 | 0 | _aSocial and economic development of Libya, Cambridg | |
| 260 | _c1982 | ||
| 300 |
_a369p _ccm. |
||
| 500 | _aBibliography chapterwise | ||
| 650 |
_aSocial Development _9230960 |
||
| 700 |
_a McLachlan K S Ed. _9348696 |
||
| 942 |
_hY:677.674.N8, M2 _cGB _2CC |
||
| 999 |
_c674277 _d674277 |
||